000 01817nam a2200421Ia 4500
001 dia_5696
003 CHAP
005 20250730131344.0
007 ta
008 220117s2007 mx deo fr 001 0 spa d
040 _cCHAP
_amxchpua
090 _aT.C.443
_bP47 EIUPA
_c2007
245 1 0 _aBodegas de Barón Balch'é, S. A. de C. V., Valle de Guadalupe, Ensenada, Baja California /
_ccoordinadores Artemio Pérez López y Marco Favio Ramírez Sepúlveda ; colaboradores Sofía Aguilar Rosales...[et al.]
260 _aMéxico :
_bEl autor,
_c2007
300 _a69 hojas :
_bgráficas, diagramas, tablas, fotos, planos
336 _2rdacontent
_atexto
_btxt
337 _2rdamedia
_asin medio
_bn
338 _2rdacarrier
_avolumen
_bnc
500 _a7° año Grupo 3
502 _aViaje de Estudios
_b(EIUPA) --
_cUACh. Departamento de Ingeniería Agroindustrial,
_d2007
504 _aBibliografía: hoja 69
505 _a6 planos -- 1. Plano distribución de áreas (Esc. 1:100) -- 2. Diagrama de flujo para el vino tinto -- 3. D. T. I. Tanque de fermentación -- 4. D. T. I Filtros -- 5. Plano de distribución de equipo en Baron Balch'é -- 6. Diagrama de recorrido
650 1 0 _aIndustria del vino
_zMéxico
_zBaja California Norte
_9154153
650 1 3 _aVinificación
_9151244
650 1 0 _aWine industry
_zMexico
_zBaja California
_9152311
650 1 3 _aWinemaking
_9151246
700 1 _aPérez López, Artemio
_9149931
_ecoordinador
700 1 _aRamírez Sepúlveda, Marco Favio
_9150304
_ecoordinador
700 1 _aAguilar Rosales, Sofía
_92836
_ecolaboradora
901 _aT.C.443 P47 EIUPA 2007
902 _aM
905 _a5232272007 mx ednm8223123322spa16
942 _2local
942 _cVE
999 _c176536
_d176536